[Event "La Plata Spring op"]
[Site "La Plata"]
[Date "2018.09.16"]
[Round "4.1"]
[White "Di Criscio, Gaston"]
[Black "Perez Grizia, Jorge Adrian"]
[Result "0-1"]
[WhiteElo "1768"]
[BlackElo "1916"]
[PlyCount "168"]
[EventDate "2018.09.11"]
[EventType "swiss"]
[EventRounds "7"]
[EventCountry "ARG"]
[SourceTitle "EXT 2024"]
[Source "ChessBase"]
[SourceDate "2023.10.10"]
[SourceVersion "1"]
[SourceVersionDate "2023.10.10"]
[SourceQuality "1"]

1. d4 e6 2. c4 f5 3. Nf3 Nf6 4. Nc3 Bb4 5. Qb3 a5 6. Bg5 h6 7. Bxf6 Qxf6 8. e3 Nc6 9. 0-0-0 0-0 10. d5 Ne5 11. Be2 Ng4 12. Rhf1 Bxc3 13. Qxc3 Qxc3+ 14. bxc3 d6 15. h3 Nf6 16. Nd4 e5 17. Nb5 Rf7 18. Bd3 b6 19. f4 e4 20. Be2 g6 21. Rg1 h5 22. Kc2 Kf8 23. Nd4 Ke8 24. Nb5 Kd8 25. Nd4 Bd7 26. Rb1 Ke7 27. Kd2 Rg8 28. h4 Ra8 29. a3 Rff8 30. Rb2 Ra7 31. Rgb1 Rfa8 32. Bd1 Ra6 33. Be2 R8a7 34. c5 dxc5 35. Bxa6 cxd4 36. Bc4 d3 37. Ba2 Kd6 38. c4 Kc5 39. Kc3 Ng4 40. Kd2 Ba4 41. Rc1 Ra8 42. Bb3 Bd7 43. Bd1 Nf6 44. Bb3 Ne8 45. Ba2 Nd6 46. Bb3 Nb7 47. Rcb1 Kd6 48. Bd1 Nc5 49. Bb3 Bc8 50. Rc1 a4 51. Bd1 Bd7 52. Rb4 Ra5 53. Kc3 Na6 54. Rb2 Rc5 55. Kd2 Ke7 56. Rb4 Ra5 57. Rb2 Be8 58. Kc3 Kd6 59. Kd2 Nc5 60. Rcb1 Nd7 61. Rb4 Nf6 62. Kc3 b5 63. Kd2 bxc4 64. Rxc4 Nxd5 65. Rb8 Bb5 66. Rd4 Ke6 67. Rd8 Ne7 68. Rf8 Nc6 69. Re8+ Kf7 70. Rdd8 Nxd8 71. Rxd8 Ke7 72. Rd5 c6 73. Re5+ Kd7 74. Kc3 Ra8 75. Kd4 Kd6 76. g3 Rc8 77. Rc5 Rc7 78. Re5 c5+ 79. Kc3 Rb7 80. Kd2 Bd7 81. Kc1 Rb6 82. Kd2 Rb1 83. Ke1 Rb2 84. Kf1 Ra2 0-1

[Event "Platense-ch qual"]
[Site "La Plata"]
[Date "2016.09.11"]
[Round "6.5"]
[White "Di Criscio, Gaston"]
[Black "Veliz, Ariel"]
[Result "1/2-1/2"]
[WhiteElo "1752"]
[BlackElo "1755"]
[PlyCount "116"]
[EventDate "2016.08.30"]
[EventType "swiss"]
[EventRounds "7"]
[EventCountry "ARG"]
[SourceTitle "EXT 2024"]
[Source "ChessBase"]
[SourceDate "2023.10.10"]
[SourceVersion "1"]
[SourceVersionDate "2023.10.10"]
[SourceQuality "1"]

1. d4 Nf6 2. c4 e6 3. Nf3 c5 4. d5 exd5 5. cxd5 d6 6. Nc3 Be7 7. h3 Bf5 8. Nh4 Bg6 9. Nxg6 hxg6 10. e4 Nbd7 11. Be2 a6 12. a4 0-0 13. 0-0 Nh7 14. Be3 f5 15. Qd2 Nhf6 16. exf5 gxf5 17. Bf4 Ne5 18. Rad1 Nf7 19. Bd3 g6 20. Rfe1 Qd7 21. Qe3 Rfe8 22. Qg3 Kg7 23. Be2 Rh8 24. Qe3 Rae8 25. Qd2 Bd8 26. Bc4 Rxe1+ 27. Rxe1 Re8 28. Re6 Bc7 29. Bg5 Nh7 30. Bf4 g5 31. Bh2 Nf8 32. Rxe8 Qxe8 33. Bd3 f4 34. h4 gxh4 35. Bxf4 Ng6 36. Ne4 Qxa4 37. Ng5 Nxg5 38. Bxg5 Ne5 39. Bh6+ Kf7 40. Bf5 Ng4 41. Qe1 Ne5 42. Be6+ Ke7 43. Bg5+ Kf8 44. Qb1 Ke8 45. Qf5 Bd8 46. Bh6 Be7 47. Bg7 Qd1+ 48. Kh2 Qd3 49. Qh5+ Kd8 50. Qh8+ Kc7 51. Bxe5 dxe5 52. Qc8+ Kb6 53. Qd7 Bg5 54. Qd6+ Ka7 55. Qxc5+ Ka8 56. Qc8+ Ka7 57. Qc5+ Ka8 58. Qc8+ Ka7 1/2-1/2

[Event "Platense-ch qual"]
[Site "La Plata"]
[Date "2016.09.04"]
[Round "3.5"]
[White "Di Criscio, Gaston"]
[Black "Boassi, Leandro"]
[Result "0-1"]
[WhiteElo "1752"]
[BlackElo "1797"]
[PlyCount "62"]
[EventDate "2016.08.30"]
[EventType "swiss"]
[EventRounds "7"]
[EventCountry "ARG"]
[SourceTitle "EXT 2024"]
[Source "ChessBase"]
[SourceDate "2023.10.10"]
[SourceVersion "1"]
[SourceVersionDate "2023.10.10"]
[SourceQuality "1"]

1. d4 Nf6 2. Nf3 g6 3. c4 Bg7 4. Nc3 0-0 5. e4 d6 6. Be2 e5 7. Be3 Qe8 8. dxe5 Ng4 9. Nb5 Nxe3 10. fxe3 Na6 11. 0-0 Bxe5 12. Nxe5 Qxe5 13. Qd4 Re8 14. Bd3 Bd7 15. Nc3 Bc6 16. Rf4 Nc5 17. Qxe5 dxe5 18. Rf6 Nxd3 19. Nd5 Bxd5 20. cxd5 Nc5 21. Raf1 Re7 22. d6 cxd6 23. Rxd6 Nxe4 24. Rd5 Rc8 25. Rfd1 Rc2 26. Rd8+ Kg7 27. Ra8 a6 28. h4 h5 29. Rdd8 Rec7 30. Re8 Nf6 31. Red8 Rxb2 0-1